Представление документа в формате MARC21

Поле Инд. ПП Название Значение
Тип записи a
Библиографический уровень b
001 Контрольный номер RU/IS/BASE/440686013
005 Дата корректировки 20200629065935.7
008 Кодируемые данные 20131218
040 b Код языка каталог. rus
e Правила каталог. PSBO
041 0_ a Код языка текста rus
084 a Индекс другой классификации/Индекс ББК 87.256
100 1_ a Автор Журавлева Е. Ю.
q Полное имя Журавлева Елена Юрьевна
245 10 a Заглавие К типологии методов интернет-исследования
504 a Библиография Библиогр. - Примеч.: с. 91 - 93
520 0_ a Аннотация В статье рассматривается междисциплинарная сфера интернет-исследований с методологической позиции. Особое внимание уделено классификации методов интернет-исследований, среди которых выделяются онлайновые (витруальные, киберметоды), цифровые и "инструментально-сервисные"
650 14 a Основная рубрика методология науки
a Основная рубрика философия
a Основная рубрика философия науки
653 a Ключевые слова гуманитарные науки
a Ключевые слова интернет-исследование
a Ключевые слова междисциплинарные исследования
a Ключевые слова методы исследования
a Ключевые слова онлайн-методы
a Ключевые слова социальные науки (общественные науки)
a Ключевые слова цифровые методы
a Ключевые слова цифровые методы: инструментально-сервисные методы
773 08 t Заглавие источника Вопросы философии
d Дата издания источника 2013
g Прочая информация № 5. - С. 84 - 93
w Контрольный № источника RU/IS/BASE/424277693
901 t Тип документа b